<?xml version="1.0" encoding="UTF-8"?>
<record
    xmlns:xsi="http://www.w3.org/2001/XMLSchema-instance"
    xsi:schemaLocation="http://www.loc.gov/MARC21/slim http://www.loc.gov/standards/marcxml/schema/MARC21slim.xsd"
    xmlns="http://www.loc.gov/MARC21/slim">

  <leader>02136nam a22002657a 4500</leader>
  <controlfield tag="005">2012050800420.0</controlfield>
  <datafield tag="010" ind1=" " ind2=" ">
    <subfield code="a">B-472440-43   B-483281</subfield>
  </datafield>
  <datafield tag="020" ind1=" " ind2=" ">
    <subfield code="a">290-00</subfield>
  </datafield>
  <datafield tag="035" ind1=" " ind2=" ">
    <subfield code="a">B-472440-43   B-483281</subfield>
  </datafield>
  <datafield tag="037" ind1=" " ind2=" ">
    <subfield code="b">BPPD</subfield>
  </datafield>
  <datafield tag="082" ind1=" " ind2=" ">
    <subfield code="a"> 920</subfield>
  </datafield>
  <datafield tag="100" ind1=" " ind2=" ">
    <subfield code="a">&#x645;&#x648; &#x644;&#x641;&#x61B; &#x645;&#x641;&#x62A;&#x6CC; &#x62B;&#x646;&#x627; &#x627;&#x644;&#x644;&#x6C1; &#x645;&#x62D;&#x645;&#x648; &#x62F; </subfield>
    <subfield code="9">53285</subfield>
  </datafield>
  <datafield tag="245" ind1=" " ind2=" ">
    <subfield code="a">&#x633;&#x648; &#x67E;&#x691; &#x6CC;  &#x632; &#x627;&#x6C1;&#x62F;  &#x62E;&#x648; &#x627; &#x62A;&#x64A;&#x6BA;</subfield>
    <subfield code="c">&#x645;&#x648; &#x644;&#x641;&#x61B; &#x645;&#x641;&#x62A;&#x6CC; &#x62B;&#x646;&#x627; &#x627;&#x644;&#x644;&#x6C1; &#x645;&#x62D;&#x645;&#x648; &#x62F; </subfield>
    <subfield code="h"> </subfield>
    <subfield code="b">&#x633;&#x648; &#x67E;&#x691; &#x6CC; &#x632; &#x627; &#x6C1;&#x62F; &#x62E;&#x648; &#x627; &#x62A;&#x64A;&#x6BA; &#x627;&#x648;&#x631; &#x627;&#x646;&#x6A9;&#x6CC; &#x633;&#x631; &#x62F;&#x627;&#x631; &#x62D;&#x636;&#x631; &#x62A; &#x641;&#x627; &#x637;&#x645;&#x6C1; &#x631;&#x636;&#x6CC; &#x627;&#x644;&#x644;&#x6C1; &#x639;&#x646;&#x6BE;&#x627; &#x67E;&#x6BA;&#x62A; &#x645;&#x62D;&#x645;&#x62F; &#x635;&#x644;&#x6CC; &#x639;&#x644;&#x64A;&#x6C1; &#x639;&#x644;&#x64A;&#x6C1; </subfield>
  </datafield>
  <datafield tag="260" ind1=" " ind2=" ">
    <subfield code="a">&#x646;&#x626; &#x62F;&#x6BE;&#x644;&#x6CC;</subfield>
    <subfield code="b"> &#x627; &#x631; &#x64A;&#x628; &#x67E;&#x628;&#x644;&#x64A;&#x6A9;&#x64A;&#x634;&#x646;&#x632;</subfield>
    <subfield code="c">2011</subfield>
  </datafield>
  <datafield tag="270" ind1=" " ind2=" ">
    <subfield code="a">1542&#x60C;&#x67E;&#x679;&#x648; &#x62F;&#x6CC; &#x6C1;&#x627; &#x624;&#x633; &#x62F; &#x631; &#x64A;&#x627; &#x6AF;&#x646;&#x62C;</subfield>
    <subfield code="b">&#x646;&#x626; &#x62F;&#x6BE;&#x644;&#x6CC;</subfield>
    <subfield code="e">110002</subfield>
  </datafield>
  <datafield tag="300" ind1=" " ind2=" ">
    <subfield code="a">608 &#x635;</subfield>
    <subfield code="c">22 Cm.Hb)             </subfield>
  </datafield>
  <datafield tag="942" ind1=" " ind2=" ">
    <subfield code="2">ddc</subfield>
    <subfield code="c">UR</subfield>
    <subfield code="m">920-&#x641; &#x627; &#x637;</subfield>
  </datafield>
  <datafield tag="999" ind1=" " ind2=" ">
    <subfield code="c">69895</subfield>
    <subfield code="d">69895</subfield>
  </datafield>
  <datafield tag="952" ind1=" " ind2=" ">
    <subfield code="0">0</subfield>
    <subfield code="1">5</subfield>
    <subfield code="4">0</subfield>
    <subfield code="7">0</subfield>
    <subfield code="8">NFIC</subfield>
    <subfield code="a">L</subfield>
    <subfield code="b">L</subfield>
    <subfield code="d">2012-09-11</subfield>
    <subfield code="e">Allied Pub./B No2012/cr/01/dt.30-03-2012/Order No/DPL/BPPD/01/2011-12/Dt.20.03.2012</subfield>
    <subfield code="g">290.00</subfield>
    <subfield code="l">0</subfield>
    <subfield code="o">920-&#x641; &#x627; &#x637;</subfield>
    <subfield code="p">B-472440</subfield>
    <subfield code="r">2012-09-11 00:00:00</subfield>
    <subfield code="t">1</subfield>
    <subfield code="v">290.00</subfield>
    <subfield code="y">UR</subfield>
  </datafield>
  <datafield tag="952" ind1=" " ind2=" ">
    <subfield code="0">0</subfield>
    <subfield code="1">0</subfield>
    <subfield code="4">0</subfield>
    <subfield code="7">0</subfield>
    <subfield code="8">NFIC</subfield>
    <subfield code="a">BL1</subfield>
    <subfield code="b">BL1</subfield>
    <subfield code="d">2012-09-11</subfield>
    <subfield code="e">Allied Pub./B No2012/cr/01/dt.30-03-2012/Order No/DPL/BPPD/01/2011-12/Dt.20.03.2012</subfield>
    <subfield code="g">290.00</subfield>
    <subfield code="l">0</subfield>
    <subfield code="o">920-&#x641; &#x627; &#x637;</subfield>
    <subfield code="p"> B-472441</subfield>
    <subfield code="r">2012-09-11 00:00:00</subfield>
    <subfield code="t">1</subfield>
    <subfield code="v">290.00</subfield>
    <subfield code="w">2012-09-11</subfield>
    <subfield code="y">UR</subfield>
  </datafield>
  <datafield tag="952" ind1=" " ind2=" ">
    <subfield code="0">0</subfield>
    <subfield code="1">0</subfield>
    <subfield code="4">0</subfield>
    <subfield code="7">0</subfield>
    <subfield code="8">NFIC</subfield>
    <subfield code="a">BL3</subfield>
    <subfield code="b">BL3</subfield>
    <subfield code="d">2012-09-11</subfield>
    <subfield code="e">Allied Pub./B No2012/cr/01/dt.30-03-2012/Order No/DPL/BPPD/01/2011-12/Dt.20.03.2012</subfield>
    <subfield code="g">290.00</subfield>
    <subfield code="l">0</subfield>
    <subfield code="o">920-&#x641; &#x627; &#x637;</subfield>
    <subfield code="p">B-472442</subfield>
    <subfield code="r">2012-09-11 00:00:00</subfield>
    <subfield code="t">1</subfield>
    <subfield code="v">290.00</subfield>
    <subfield code="w">2012-09-11</subfield>
    <subfield code="y">UR</subfield>
  </datafield>
  <datafield tag="952" ind1=" " ind2=" ">
    <subfield code="0">0</subfield>
    <subfield code="1">0</subfield>
    <subfield code="4">0</subfield>
    <subfield code="7">0</subfield>
    <subfield code="8">NFIC</subfield>
    <subfield code="a">BL4</subfield>
    <subfield code="b">BL4</subfield>
    <subfield code="d">2012-09-11</subfield>
    <subfield code="e">Allied Pub./B No2012/cr/01/dt.30-03-2012/Order No/DPL/BPPD/01/2011-12/Dt.20.03.2012</subfield>
    <subfield code="g">290.00</subfield>
    <subfield code="l">0</subfield>
    <subfield code="o">920-&#x641; &#x627; &#x637;</subfield>
    <subfield code="p">B-472443</subfield>
    <subfield code="r">2012-09-11 00:00:00</subfield>
    <subfield code="t">1</subfield>
    <subfield code="v">290.00</subfield>
    <subfield code="w">2012-09-11</subfield>
    <subfield code="y">UR</subfield>
  </datafield>
  <datafield tag="952" ind1=" " ind2=" ">
    <subfield code="0">0</subfield>
    <subfield code="1">0</subfield>
    <subfield code="4">0</subfield>
    <subfield code="7">0</subfield>
    <subfield code="8">NFIC</subfield>
    <subfield code="a">M</subfield>
    <subfield code="b">M</subfield>
    <subfield code="d">2012-10-01</subfield>
    <subfield code="e">Allied Pub./7/41/121/20.03.12/cr/02/17.04.12/19.06.12</subfield>
    <subfield code="g">290.00</subfield>
    <subfield code="l">0</subfield>
    <subfield code="o">920-&#x641; &#x627; &#x637;</subfield>
    <subfield code="p">B-483281</subfield>
    <subfield code="r">2012-10-01 00:00:00</subfield>
    <subfield code="t">1</subfield>
    <subfield code="v">290.00</subfield>
    <subfield code="w">2012-10-01</subfield>
    <subfield code="y">UR</subfield>
  </datafield>
</record>
